000 01050nam a22002537a 4500
005 20170124102954.0
010 _aA-912945
020 _c90.00
035 _aA-912945
037 _bCen Lib/Ret
040 _aDPL
_bHN
082 _a
_bभटना
100 _aभटनागर, राजेन्द्रमोहन
_94556
245 _aआज़ादी की पहली लड़ाई /
_cराजेन्द्रमोहन भटनागर
246 _aAajadi ki pahli ladai /
_bby Rajendramohan Bhatnagar
260 _aदिल्ली
_bसुनील साहित्य सदन
_c1997
270 _bदिल्ली
_aए-101, उत्तरी गोंडा
_e110053
300 _a96पृ.:
_c21सेमी (सजिल्द)
_bसचित्र
650 _aहिन्दी साहित्य
_952747
650 _aकहानी संग्रह
_952748
650 _aHindi literature
_952749
650 _aStory collection
_952750
942 _2ddc
_cHN
_h
_mभटना
999 _c113548
_d113548